[Event "Bunratty Masters 2020"]
[Site "Bunratty IRL"]
[Date "2020.02.23"]
[Round "6.14"]
[White "Pein, Jonathan"]
[Black "Mueller, Reinhard"]
[Result "1-0"]
[WhiteElo "2160"]
[BlackElo "2109"]
[WhiteNationality "ENG"]
[BlackNationality "GER"]
[WhiteFideId "417092"]
[BlackFideId "4679172"]
[PlyCount "107"]
[EventDate "2020.02.21"]

{ Event information: <a
href="http://www.irlchess.com/bunratty2020_allfiles/pairings_bunratty2020.html">Tournament
report</a>. }

1. e4 e6 2. d4 d5 3. Bd3 Nf6 4. e5 Nfd7 5. Nf3 c5 6. c3 Nc6 7. O-O cxd4 8.
cxd4 Nb4 9. Be2 f6 10. exf6 Qxf6 11. Re1 h6 12. Ne5 Nxe5 13. dxe5 Qf7 14.
Be3 Nc6 15. f4 Bd7 16. Nc3 Be7 17. Rc1 O-O 18. Rf1 Rfc8 19. Kh1 Qe8 20.
Nxd5 exd5 21. Qxd5+ Kh8 22. e6 Bxe6 23. Qxe6 Bf6 24. Qf5 Ne7 25. Qe4 Nd5
26. Qxd5 Qxe3 27. Rce1 Re8 28. Qf5 Qe4 29. Bd3 Qxf5 30. Bxf5 Rxe1 31. Rxe1
Bxb2 32. Re7 b6 33. g3 a5 34. a4 Bf6 35. Rb7 Bd4 36. Rd7 Bc5 37. Kg2 Bb4
38. h4 Bc5 39. Kf3 Rf8 40. Be4 Rf6 41. Rd8+ Rf8 42. Rd7 Rf6 43. h5 Rd6 44.
Rc7 Rf6 45. Bd5 Rf8 46. Ke4 Rf6 47. g4 Rf8 48. Rd7 Re8+ 49. Kf5 Be3 50. Kg6
Rf8 51. Rxg7 Rf6+ 52. Kxf6 Bd4+ 53. Kg6 Bxg7 54. f5 1-0

[Event "Bunratty Masters 2020"]
[Site "Bunratty IRL"]
[Date "2020.02.23"]
[Round "6.15"]
[White "Wallace, Paul"]
[Black "Van der Zwet, Bart"]
[Result "1/2-1/2"]
[WhiteElo "2155"]
[BlackElo "2092"]
[WhiteICU "2145"]
[WhiteClub "Kilkenny"]
[WhiteNationality "IRL"]
[BlackNationality "NED"]
[WhiteFideId "2500892"]
[BlackFideId "1004204"]
[PlyCount "49"]
[EventDate "2020.02.21"]
[BlackFullName "van der Zwet, Bart"]

{ Event information: <a
href="http://www.irlchess.com/bunratty2020_allfiles/pairings_bunratty2020.html">Tournament
report</a>. }

1. e4 c6 2. d4 d5 3. e5 c5 4. Nf3 cxd4 5. Nxd4 Nc6 6. Bb5 Bd7 7. e6 fxe6 8.
Bxc6 bxc6 9. Qe2 Nf6 10. O-O c5 11. Nxe6 Bxe6 12. Qxe6 Qd7 13. Qe2 e6 14.
Bf4 Bd6 15. Bxd6 Qxd6 16. Re1 Kf7 17. Nd2 Rhe8 18. Rad1 Kg8 19. g3 Rab8 20.
b3 Qc7 21. c4 Rbd8 22. cxd5 exd5 23. Qd3 Qa5 24. Rxe8+ Rxe8 25. a4 1/2-1/2

[Event "Bunratty Masters 2020"]
[Site "Bunratty IRL"]
[Date "2020.02.23"]
[Round "6.16"]
[White "Manojlovic, Mihailo"]
[Black "Murray, David"]
[Result "1-0"]
[WhiteElo "2024"]
[BlackElo "2145"]
[WhiteICU "2038"]
[BlackICU "2138"]
[WhiteClub "St. Benildus"]
[BlackClub "Gonzaga"]
[WhiteNationality "IRL"]
[BlackNationality "IRL"]
[WhiteFideId "2507633"]
[BlackFideId "2501511"]
[PlyCount "107"]
[EventDate "2020.02.21"]

{ Event information: <a
href="http://www.irlchess.com/bunratty2020_allfiles/pairings_bunratty2020.html">Tournament
report</a>. }

1. e4 c6 2. d4 d5 3. exd5 cxd5 4. c4 Nf6 5. Nc3 g6 6. Nf3 Bg7 7. Bg5 Ne4 8.
Be3 Nxc3 9. bxc3 O-O 10. cxd5 Qxd5 11. Be2 Nc6 12. O-O Rd8 13. Qb3 Qd6 14.
Ng5 e6 15. Ne4 Qd5 16. Bf3 Qxb3 17. axb3 Ne7 18. Bg5 Kf8 19. Nc5 f6 20. Bh4
Nf5 21. Bg3 Nxg3 22. fxg3 Rd6 23. Bxb7 Bxb7 24. Nxb7 Rc6 25. c4 f5 26. Rfd1
Ke7 27. Ra5 Rc7 28. Nc5 Rd8 29. d5 Rd6 30. Nxe6 Bc3 31. Nxc7 Bxa5 32. c5
Bxc7 33. cxd6+ Kxd6 34. Kf2 Ke5 35. Kf3 Bd6 36. Ra1 Bc5 37. Ra5 Kd6 38. Ke2
h5 39. Kd3 Bg1 40. Kc4 g5 41. Ra6+ Bb6 42. Ra1 f4 43. gxf4 gxf4 44. Re1 Be3
45. g3 Bd2 46. Re6+ Kd7 47. gxf4 Bxf4 48. h3 h4 49. Rg6 Be3 50. Kd3 Bf2 51.
Ke4 Ke7 52. d6+ Kd7 53. Kd5 a5 54. Rg7+ 1-0

[Event "Bunratty Masters 2020"]
[Site "Bunratty IRL"]
[Date "2020.02.23"]
[Round "6.17"]
[White "Vogel, Constantin"]
[Black "McMorrow, John"]
[Result "1-0"]
[WhiteElo "2129"]
[BlackElo "1986"]
[WhiteICU "1993"]
[BlackICU "1988"]
[WhiteClub "St. Benildus"]
[BlackClub "Gonzaga"]
[WhiteNationality "GER"]
[BlackNationality "IRL"]
[WhiteFideId "12960071"]
[BlackFideId "2501481"]
[PlyCount "94"]
[EventDate "2020.02.21"]

{ Event information: <a
href="http://www.irlchess.com/bunratty2020_allfiles/pairings_bunratty2020.html">Tournament
report</a>. }

1. Nf3 Nf6 2. c4 c5 3. g3 g6 4. b3 Bg7 5. Bb2 O-O 6. Bg2 Nc6 7. O-O d5 8.
cxd5 Nxd5 9. Bxg7 Kxg7 10. Qc1 b6 11. Nc3 e6 12. Ne4 f5 13. Qb2+ Kg8 14.
Nc3 Qf6 15. Rfd1 Ba6 16. Rab1 Rad8 17. Nxd5 exd5 18. d4 Rfe8 19. e3 c4 20.
Qa3 Bb5 21. Rdc1 Qd6 22. Qxd6 Rxd6 23. Bf1 Na5 24. Ne5 Rc8 25. a4 Ba6 26.
b4 Nb3 27. Rc2 Kg7 28. Be2 Rdd8 29. Bd1 b5 30. a5 Bb7 31. Rbb2 Na1 32. Rc3
Re8 33. Rb1 Nb3 34. Bxb3 cxb3 35. Rbxb3 g5 36. Rc5 Rxc5 37. bxc5 a6 38. Nd3
Bc8 39. Rb2 h5 40. h4 gxh4 41. gxh4 Re4 42. Nf4 Bb7 43. Nxh5+ Kf7 44. Nf4
Bc6 45. Kh2 Re8 46. Rb1 Rb8 47. Nd3 Rh8 1-0

[Event "Bunratty Masters 2020"]
[Site "Bunratty IRL"]
[Date "2020.02.23"]
[Round "6.19"]
[White "Steil-Antoni, Fiona"]
[Black "Reyer, Ulli"]
[Result "1/2-1/2"]
[WhiteTitle "WIM"]
[WhiteElo "2121"]
[BlackElo "2092"]
[WhiteNationality "LUX"]
[BlackNationality "GER"]
[WhiteFideId "4001249"]
[BlackFideId "4633350"]
[PlyCount "23"]
[EventDate "2020.02.21"]

{ Event information: <a
href="http://www.irlchess.com/bunratty2020_allfiles/pairings_bunratty2020.html">Tournament
report</a>. }

1. e4 e5 2. Bc4 Nc6 3. Nc3 Nf6 4. d3 Na5 5. Nge2 Nxc4 6. dxc4 Bc5 7. O-O h6
8. Ng3 d6 9. h3 Be6 10. b3 O-O 11. Qf3 Nh7 12. Nf5 1/2-1/2

[Event "Bunratty Masters 2020"]
[Site "Bunratty IRL"]
[Date "2020.02.23"]
[Round "6.20"]
[White "Foley, John"]
[Black "Flynn, Jacob"]
[Result "1-0"]
[WhiteElo "1954"]
[BlackElo "2105"]
[BlackICU "2108"]
[BlackClub "Malahide"]
[WhiteNationality "ENG"]
[BlackNationality "IRL"]
[WhiteFideId "424110"]
[BlackFideId "2509393"]
[PlyCount "69"]
[EventDate "2020.02.21"]

{ Event information: <a
href="http://www.irlchess.com/bunratty2020_allfiles/pairings_bunratty2020.html">Tournament
report</a>. }

1. d4 Nf6 2. Nf3 c5 3. e3 cxd4 4. exd4 d5 5. Bd3 Bg4 6. h3 Bh5 7. c3 Nc6 8.
Bf4 e6 9. Nbd2 Bd6 10. Bxd6 Qxd6 11. Qc2 O-O 12. O-O Rfc8 13. a3 Rab8 14.
Rfe1 b5 15. Qb1 Na5 16. Ne5 Nc4 17. Ndf3 a5 18. g4 Bg6 19. Nxg6 hxg6 20.
Ne5 Rc7 21. Re2 b4 22. axb4 axb4 23. Qe1 bxc3 24. bxc3 Na3 25. Rea2 Rb3 26.
Rc1 Nd7 27. f4 Nb6 28. f5 gxf5 29. gxf5 exf5 30. Bxf5 g6 31. Rg2 Re7 32.
Qh4 Rxe5 33. dxe5 Qxe5 34. Re1 Qb8 35. Bxg6 1-0

[Event "Bunratty Masters 2020"]
[Site "Bunratty IRL"]
[Date "2020.02.23"]
[Round "6.21"]
[White "Venkatesan, Kavin"]
[Black "Murphy, Sean J."]
[Result "0-1"]
[WhiteElo "2027"]
[BlackElo "1976"]
[WhiteICU "2100"]
[BlackICU "1985"]
[WhiteClub "St. Benildus"]
[BlackClub "Cork"]
[WhiteNationality "IRL"]
[BlackNationality "IRL"]
[WhiteFideId "2512602"]
[BlackFideId "2512742"]
[PlyCount "76"]
[EventDate "2020.02.21"]
[BlackFullName "Murphy, Se&aacute;n J."]

{ Event information: <a
href="http://www.irlchess.com/bunratty2020_allfiles/pairings_bunratty2020.html">Tournament
report</a>. }

1. d4 d5 2. c4 c6 3. g3 Nf6 4. Nf3 dxc4 5. Bg2 g6 6. O-O Bg7 7. e3 b5 8. a4
Bb7 9. Ne5 Qc7 10. Bd2 Nfd7 11. Nxd7 Nxd7 12. Nc3 b4 13. Ne4 a5 14. Bh3 e6
15. Bg2 O-O 16. Rc1 c5 17. dxc5 Bxb2 18. Rxc4 Ba6 19. Rc2 Bxf1 20. Qxf1 Bg7
21. Qb1 Rab8 22. Qb3 Rfd8 23. c6 Ne5 24. Nc5 Rb6 25. Be1 Rd1 26. Kf1 Rxc6
27. Bxc6 Qxc6 28. e4 Bf8 29. Re2 Rxe1+ 30. Kxe1 Qxc5 31. f4 Qc1+ 32. Kf2
Bc5+ 33. Kg2 Qg1+ 34. Kh3 Qf1+ 35. Rg2 Nc4 36. Kh4 Qxg2 37. Qxc4 Be7+ 38.
Kg4 h5# 0-1

[Event "Bunratty Masters 2020"]
[Site "Bunratty IRL"]
[Date "2020.02.23"]
[Round "6.22"]
[White "Keogh, Eamon"]
[Black "Connell, Blair"]
[Result "0-1"]
[WhiteTitle "NM"]
[WhiteElo "1958"]
[BlackElo "2238"]
[WhiteICU "1885"]
[WhiteClub "Kilkenny"]
[WhiteNationality "IRL"]
[BlackNationality "ENG"]
[WhiteFideId "2500264"]
[BlackFideId "403725"]
[PlyCount "24"]
[EventDate "2020.02.21"]

{ Event information: <a
href="http://www.irlchess.com/bunratty2020_allfiles/pairings_bunratty2020.html">Tournament
report</a>. }

1. e4 c5 2. Nc3 a6 3. f4 b5 4. Nf3 Bb7 5. d3 e6 6. Be2 d5 7. exd5 exd5 8.
O-O d4 9. Nb1 Nd7 10. a4 Bd6 11. axb5 axb5 12. Rxa8 Qxa8 { ... ? } 0-1

[Event "Bunratty Masters 2020"]
[Site "Bunratty IRL"]
[Date "2020.02.23"]
[Round "6.23"]
[White "Ireland, David"]
[Black "Machin, Guillaume"]
[Result "1-0"]
[BlackTitle "CM"]
[WhiteElo "1969"]
[BlackElo "2159"]
[WhiteNationality "ENG"]
[BlackNationality "FRA"]
[WhiteFideId "413178"]
[BlackFideId "616648"]
[PlyCount "69"]
[EventDate "2020.02.21"]

{ Event information: <a
href="http://www.irlchess.com/bunratty2020_allfiles/pairings_bunratty2020.html">Tournament
report</a>. }

1. e4 e6 2. d4 d5 3. Nc3 Nf6 4. Bg5 dxe4 5. Nxe4 Be7 6. Bxf6 gxf6 7. Nf3 f5
8. Nc3 a6 9. g3 b5 10. Bg2 Bb7 11. O-O b4 12. Ne2 c5 13. dxc5 Qxd1 14.
Rfxd1 Bxc5 15. Ne5 Bxg2 16. Kxg2 f6 17. Nc4 Kf7 18. Nf4 Ra7 19. Na5 Rc7 20.
Nc4 Nc6 21. Nd6+ Ke7 22. Nxf5+ exf5 23. Nd5+ Kd8 24. Nxb4+ Kc8 25. Nxa6 Bb6
26. Nxc7 Kxc7 27. f4 h5 28. c3 h4 29. b4 Ne7 30. c4 Kc6 31. a4 hxg3 32.
hxg3 Rg8 33. Re1 Rg7 34. Re6+ Kb7 35. Rd1 1-0

[Event "Bunratty Masters 2020"]
[Site "Bunratty IRL"]
[Date "2020.02.23"]
[Round "6.24"]
[White "Grochowalski, Pawel"]
[Black "Wolferink, Frans"]
[Result "1-0"]
[WhiteElo "2099"]
[BlackElo "2081"]
[WhiteNationality "POL"]
[BlackNationality "NED"]
[WhiteFideId "1115197"]
[BlackFideId "1003917"]
[PlyCount "73"]
[EventDate "2020.02.21"]
[WhiteFullName "Grochowalski, Pawe&#322;"]

{ Event information: <a
href="http://www.irlchess.com/bunratty2020_allfiles/pairings_bunratty2020.html">Tournament
report</a>. }

1. d4 Nf6 2. c4 g6 3. Nc3 d5 4. Nf3 Bg7 5. cxd5 Nxd5 6. Bg5 h6 7. Bh4 c5 8.
Rc1 Nxc3 9. bxc3 Nc6 10. e3 Qc7 11. Be2 O-O 12. O-O b6 13. Qa4 Bb7 14. Qa3
Rac8 15. Bg3 Qd7 16. dxc5 bxc5 17. Rb1 Nd8 18. Rfd1 Qc6 19. Bb5 Qe4 20. Bd7
Ra8 21. Qxc5 Bf6 22. Qc7 Bc6 23. Qf4 g5 24. Bxc6 Qxc6 25. Qg4 Qxc3 26. h4
Ne6 27. hxg5 hxg5 28. Rbc1 Qa5 29. e4 Qa4 30. Rd5 Rfd8 31. Nxg5 Nxg5 32.
Rxg5+ Bxg5 33. Qxg5+ Kf8 34. Qh6+ Kg8 35. Rc5 f6 36. Qg6+ Kf8 37. Rh5 1-0

[Event "Bunratty Masters 2020"]
[Site "Bunratty IRL"]
[Date "2020.02.23"]
[Round "6.25"]
[White "Van Empel, Fred"]
[Black "Skulte, Christopher"]
[Result "1/2-1/2"]
[WhiteElo "2042"]
[BlackElo "2036"]
[WhiteNationality "NED"]
[BlackNationality "AUS"]
[WhiteFideId "1040863"]
[BlackFideId "3214044"]
[PlyCount "36"]
[EventDate "2020.02.21"]
[WhiteFullName "van Empel, Fred"]

{ Event information: <a
href="http://www.irlchess.com/bunratty2020_allfiles/pairings_bunratty2020.html">Tournament
report</a>. }

1. d4 d5 2. c4 Nc6 3. Nc3 Nf6 4. cxd5 Nxd5 5. e4 Nxc3 6. bxc3 e5 7. d5 Nb8
8. Nf3 Bd6 9. Be2 O-O 10. O-O Nd7 11. Bg5 f6 12. Bh4 Nc5 13. Nd2 Qe8 14. f3
Qg6 15. Kh1 f5 16. Qc2 Qh5 17. Bf2 Rf6 18. Rfe1 Rh6 1/2-1/2

[Event "Bunratty Masters 2020"]
[Site "Bunratty IRL"]
[Date "2020.02.23"]
[Round "6.26"]
[White "Fehr, Jukka"]
[Black "Kennedy, John P. A."]
[Result "1/2-1/2"]
[WhiteElo "1976"]
[BlackElo "2041"]
[BlackICU "1991"]
[BlackClub "Dublin"]
[WhiteNationality "FIN"]
[BlackNationality "IRL"]
[WhiteFideId "4674693"]
[BlackFideId "2501120"]
[PlyCount "51"]
[EventDate "2020.02.21"]

{ Event information: <a
href="http://www.irlchess.com/bunratty2020_allfiles/pairings_bunratty2020.html">Tournament
report</a>. }

1. Nf3 c5 2. c4 Nc6 3. Nc3 e6 4. e3 Nf6 5. d4 d5 6. Be2 Be7 7. dxc5 Bxc5 8.
O-O O-O 9. a3 b6 10. b4 Bd6 11. Bb2 Bb7 12. Rc1 Rc8 13. cxd5 exd5 14. Qb3
Ne5 15. Nb5 Nfg4 16. Bxe5 Nxe5 17. Rxc8 Bxc8 18. Rd1 Be6 19. Qc3 Nxf3+ 20.
Bxf3 Bb8 21. e4 Qe8 22. exd5 Qxb5 23. dxe6 fxe6 24. g4 Kh8 25. Qe3 Qe8 26.
Qe2 1/2-1/2